00700nam a2200217Ia 450000500170000000800410001702000180005804000180007604100080009408200190010210000210012124500680014225000120021026000670022230000220028965000270031165000410033865000360037965000450041570000220046020220215153914.0210716s2010 xx 000 0 und d a9780070146617 cAIMIT LIBRARY aeng a651.721bSETA aSethi, Anjanee. aBusiness communication /cBy Anjanee Sethi and Bhavana Adhikari a1st ed. aNew Delhi :bTata McGraw Hill Publishing Company Ltd. ,c2010. axv, 294p.c24 cm. aBusiness Communication aContemporary Issues in Communication aEffective Listening and Reading aPrinciples of Effective Business Writing aAdhikari, Bhavana